000 00639nam a22002177a 4500
003 OSt
005 20240606070902.0
006 a
008 240606b |||||||| |||| 00| 0 eng d
020 _a9716857245
040 _aDWCL-Main lib.
_cOC
082 _aFil. 371.272 N277 2010
111 _aRonnie L. Martinez
245 _aNCBTS-Based table of specifications /
260 _a Quezon City, Phils. :
_bAdriana Printing,
_cc2010.
300 _avii,
_b87 p. ;
_c13 cm.
650 _a1. Educational measurement.
650 _a2. Table of specifications–Education.
711 _aRonnie L. Martinez
942 _2ddc
_n0
_cBK - FIL
_kFil.
999 _c299
_d299